[Event "AUTO-ADV-1971"]
[Site "http://www.queenalice.com/game.php?id=858536"]
[Date "2010.11.13"]
[Round "1"]
[White "ztnilz"]
[Black "cesarbeck"]
[Result "1-0"]
[WhiteElo "1785"]
[BlackElo "1788"]

1. e4 e5 2. Nf3 Nc6 3. Bb5 Nf6 4. O-O Nxe4 5. d4 exd4 6. Bxc6 bxc6 7. Nxd4 Qf6
8. c3 c5 9. Qe1 Bb7 10. f3 cxd4 11. fxe4 Qe5 12. Qf2 f6 13. cxd4 Qxe4 14. Re1
Qxe1+ 15. Qxe1+ Be7 16. Nc3 g5 17. b3 h6 18. Bb2 Rh7 19. Nb5 Kd8 20. Rd1 Bc6 21.
Nc3 Bb4 22. d5 Bb7 23. Qe4 Re7 24. Qxb4 1-0

[Event "AUTO-ADV-1971"]
[Site "http://www.queenalice.com/game.php?id=858537"]
[Date "2010.11.13"]
[Round "1"]
[White "cesarbeck"]
[Black "grandmaster1991"]
[Result "0-1"]
[WhiteElo "1717"]
[BlackElo "1800"]

1. e4 c5 2. Nc3 Nc6 3. Bc4 Nf6 4. Nf3 d6 5. Ng5 e6 6. O-O Be7 7. d3 O-O 8. Re1
Nd4 9. b3 a6 10. Ne2 Nxe2+ 11. Qxe2 b5 12. Bxe6 Bxe6 13. Nxe6 fxe6 14. Bb2 b4
15. Rad1 a5 16. c3 bxc3 17. Bxc3 a4 18. bxa4 Rxa4 19. e5 Nd5 20. Qc2 Rxa2 21.
Qb3 Rfxf2 22. Bd2 Rfxd2 23. Rxd2 Rxd2 24. exd6 Qxd6 25. g3 Bh4 26. Rd1 Rxd1+ 27.
Qxd1 Bxg3 28. Qe2 Bxh2+ 29. Qxh2 Qxh2+ 30. Kf1 Nf4 31. d4 Qg2+ 0-1

[Event "AUTO-ADV-1971"]
[Site "http://www.queenalice.com/game.php?id=858538"]
[Date "2010.11.13"]
[Round "1"]
[White "grandmaster1991"]
[Black "cesarbeck"]
[Result "1-0"]
[WhiteElo "1813"]
[BlackElo "1704"]

1. d4 d5 2. c4 c6 3. Nc3 dxc4 4. e3 b5 5. a4 Nf6 6. axb5 cxb5 7. Nxb5 a6 8. Nc3
Qc7 9. Qa4+ Bd7 10. Qxc4 Qxc4 11. Bxc4 e6 12. Nf3 Bb4 13. O-O O-O 14. Ne5 Rc8
15. Bd2 Bxc3 16. Bxc3 Ne4 17. Nxd7 Nxd7 18. Bxa6 Rc7 19. Ba5 Rca7 20. Bd3 Nd6
21. b4 Nb7 22. Rfc1 Nxa5 23. bxa5 Rxa5 24. Rxa5 Rxa5 25. Rc8+ Nf8 26. g3 g6 27.
Kg2 Kg7 28. h4 Nd7 29. Rc7 Nf6 30. Bc4 Ra2 31. Bxa2 Ne4 32. Bxe6 Kf6 33. Bxf7 h6
34. Bd5 Nd6 35. e4 Nb5 36. Rf7# 1-0

[Event "AUTO-OPEN-2174"]
[Site "http://www.queenalice.com/game.php?id=862397"]
[Date "2010.11.22"]
[Round "1"]
[White "sasquatico"]
[Black "cesarbeck"]
[Result "0-1"]
[WhiteElo "1614"]
[BlackElo "1739"]

1. e4 e5 2. Nf3 Nc6 3. Bc4 h6 4. Nc3 Nf6 5. d3 Bc5 6. h3 d6 7. O-O Be6 8. Bxe6
fxe6 9. a3 d5 10. exd5 exd5 11. Bd2 Qd7 12. Re1 d4 13. Ne2 O-O-O 14. Ng3 h5 15.
Bg5 Rde8 16. Ne4 Nxe4 17. dxe4 Qe6 18. b4 Be7 19. Bd2 Qg6 20. g3 h4 21. g4 Rhf8
22. Nh2 Rf7 23. f3 Qf6 24. Rf1 g5 25. Qc1 Rd8 26. Rf2 Rdf8 27. Qf1 Bd8 28. Rc1
Qe6 29. Kg2 Qa2 30. Qd3 a6 31. Qb3 Qxb3 32. cxb3 Be7 33. a4 Nxb4 34. Rc5 Bxc5
35. Bxg5 d3 36. Rd2 Rh7 37. Nf1 Rg8 38. Bf6 Rf8 39. Bxe5 Rhf7 40. f4 Bd6 41.
Bxd6 cxd6 42. f5 Re8 43. Kf3 Rfe7 44. Ne3 Rxe4 45. Nc4 Re2 46. Nxd6+ Kd8 47.
Nxb7+ Kc7 48. Rxe2 dxe2 0-1

[Event "AUTO-OPEN-2174"]
[Site "http://www.queenalice.com/game.php?id=862398"]
[Date "2010.11.22"]
[Round "1"]
[White "cesarbeck"]
[Black "sasquatico"]
[Result "0-1"]
[WhiteElo "1720"]
[BlackElo "1634"]

1. e4 e5 2. Nf3 d6 3. Bc4 h6 4. O-O c6 5. d4 exd4 6. Nxd4 Nf6 7. Nc3 Be7 8. Re1
O-O 9. Nf3 Bg4 10. h3 Bxf3 11. Qxf3 Nbd7 12. Bf4 Qb6 13. b3 Ne5 14. Bxe5 dxe5
15. Na4 Qb4 16. Rad1 b5 17. c3 Qa3 18. Re2 bxc4 19. Qg3 cxb3 20. axb3 Qxb3 21.
Nb2 Ba3 22. Rb1 Rab8 23. Qxe5 Rb5 24. Qd4 Bc5 25. Qd2 Qe6 26. Ra1 Rfb8 27. Nd3
Rb1+ 28. Rxb1 Rxb1+ 29. Re1 Rxe1+ 30. Qxe1 Bb6 31. Kf1 Nxe4 32. f3 Nf6 33. Qa1
Qc4 34. Ke2 Qe6+ 35. Kd2 Nd5 36. c4 Qe3+ 37. Kc2 Qe2+ 38. Kc1 Be3+ 39. Kb1 Qxd3+
0-1

[Event "AUTO-OPEN-2174"]
[Site "http://www.queenalice.com/game.php?id=862437"]
[Date "2010.11.22"]
[Round "1"]
[White "cesarbeck"]
[Black "Pagano"]
[Result "1-0"]
[WhiteElo "1735"]
[BlackElo "2055"]

1. e4 a6 2. d4 b5 3. Nf3 Bb7 4. d5 g6 5. Bg5 Bg7 6. c3 d6 7. Nbd2 c5 8. dxc6
Nxc6 9. Nd4 Qb6 10. N4f3 h6 11. Be3 Qc7 12. Bd3 b4 13. O-O bxc3 14. bxc3 Bxc3
15. Rc1 Bxd2 16. Qxd2 Qa5 17. Qb2 Ne5 18. Nxe5 dxe5 19. Rb1 Rb8 20. Ba7 1-0

[Event "AUTO-OPEN-2174"]
[Site "http://www.queenalice.com/game.php?id=862438"]
[Date "2010.11.22"]
[Round "1"]
[White "Pagano"]
[Black "cesarbeck"]
[Result "1-0"]
[WhiteElo "2037"]
[BlackElo "1701"]

1. e4 e5 2. f4 exf4 3. Nf3 Nf6 4. e5 Nd5 5. d4 d6 6. c4 Ne3 7. Bxe3 fxe3 8. Qd3
dxe5 9. Nxe5 Qg5 10. Nc3 Bd6 11. Nf3 Qf4 12. Be2 Nc6 13. a3 Bf5 14. Qd1 O-O-O
15. O-O Bg4 16. Ne5 Qh6 17. Bxg4+ Kb8 18. Bh3 Bxe5 19. Nd5 Nxd4 20. Rxf7 c6 21.
Nxe3 Qxe3+ 22. Kh1 Nf3 23. Qxf3 Qxf3 24. Rxf3 Bxb2 25. Raf1 Rd4 26. c5 Ra4 27.
Rf7 g6 28. Rd7 Rxa3 29. g3 Rc3 30. Rff7 h5 31. Rxb7+ Ka8 32. Rxa7+ 1-0

[Event "AUTO-ADV-1996"]
[Site "http://www.queenalice.com/game.php?id=868285"]
[Date "2010.12.6"]
[Round "1"]
[White "cesarbeck"]
[Black "Grandioso"]
[Result "1-0"]
[WhiteElo "1746"]
[BlackElo "1868"]

1. e4 e5 2. Nf3 Nc6 3. Bc4 Bc5 4. d3 Nf6 5. Nc3 d6 6. Ng5 O-O 7. O-O Nd4 8. Be3
h6 9. Nf3 Nxf3+ 10. Qxf3 Bxe3 11. Qxe3 c6 12. Rad1 b5 13. Bb3 a5 14. a3 Ng4 15.
Qf3 Qh4 16. Qg3 Qg5 17. Rfe1 Nf6 18. Qxg5 hxg5 19. Ne2 Be6 20. Bxe6 fxe6 21. c4
bxc4 22. dxc4 Rfd8 23. Nc3 Kf7 24. Na4 Ke7 25. Rd2 Rab8 26. g3 Ng4 27. f3 Nf6
28. Red1 g4 29. fxg4 Nxg4 30. c5 d5 31. exd5 Rxd5 32. Rxd5 exd5 33. Kg2 Ne3+ 34.
Kf3 Nxd1 35. b4 axb4 36. axb4 Rxb4 37. Nb6 e4+ 38. Ke2 Rxb6 39. cxb6 Kd7 40.
Kxd1 Kc8 41. Kd2 Kb7 42. h4 Kxb6 43. g4 Kc7 44. Ke3 Kd7 45. g5 Ke7 46. h5 Kf8
47. h6 1-0

[Event "AUTO-ADV-1996"]
[Site "http://www.queenalice.com/game.php?id=868286"]
[Date "2010.12.6"]
[Round "1"]
[White "Grandioso"]
[Black "cesarbeck"]
[Result "0-1"]
[WhiteElo "1847"]
[BlackElo "1767"]

1. e4 e5 2. Bc4 Nf6 3. d3 Bc5 4. Bg5 d6 5. Qf3 Nbd7 6. Ne2 O-O 7. O-O h6 8. Bh4
c6 9. a3 Qb6 10. b4 d5 11. Bb3 Bd4 12. c3 dxe4 13. dxe4 Bc5 14. Nd2 Bd6 15. Nc4
Qc7 16. Rfd1 Be7 17. Rd2 Nb6 18. Ng3 Be6 19. Nxb6 Qxb6 20. Bc2 c5 21. Bxf6 Bxf6
22. Qh5 cxb4 23. cxb4 Bg5 24. Rdd1 Rac8 25. Qe2 Qc6 26. Bd3 Bf4 27. Nh5 Rfd8 28.
Nxf4 b6 29. Nxe6 fxe6 30. Ba6 Rc7 31. Rxd8+ Kf7 32. Bb5 Qc3 33. Rdd1 Qb3 34.
Rd7+ Rxd7 35. Bxd7 Ke7 36. Rd1 Qxa3 37. b5 Qa4 38. Bc6 Kf6 39. Qf3+ Kg6 40. Be8+
Kh7 41. Qg4 Kg8 42. Qxe6+ Kh8 43. Qd5 Kh7 44. Qd6 Qxe4 45. Bh5 Qf5 0-1

[Event "AUTO-ADV-1996"]
[Site "http://www.queenalice.com/game.php?id=868287"]
[Date "2010.12.6"]
[Round "1"]
[White "cesarbeck"]
[Black "REIDID93"]
[Result "0-1"]
[WhiteElo "1741"]
[BlackElo "1941"]

1. e4 c5 2. Bc4 e6 3. Nf3 d5 4. exd5 exd5 5. Bb5+ Bd7 6. Bxd7+ Nxd7 7. Nc3 Ngf6
8. O-O Be7 9. d3 O-O 10. Re1 Bd6 11. Bg5 Qc7 12. Bxf6 Nxf6 13. Nb5 Qc6 14. Nxd6
Qxd6 0-1

[Event "AUTO-ADV-1996"]
[Site "http://www.queenalice.com/game.php?id=868288"]
[Date "2010.12.6"]
[Round "1"]
[White "REIDID93"]
[Black "cesarbeck"]
[Result "1-0"]
[WhiteElo "1932"]
[BlackElo "1750"]

1. c4 e5 2. Nc3 Bc5 3. e3 Nf6 4. Nge2 O-O 5. d4 exd4 6. exd4 Bb4 7. Bg5 d6 8. a3
Ba5 9. b4 Bb6 10. c5 dxc5 11. dxc5 Bxc5 12. bxc5 Qe7 13. Nd5 Qe5 14. Nxf6+ gxf6
15. Bh6 1-0

[Event "AUTO-ADV-1996"]
[Site "http://www.queenalice.com/game.php?id=868289"]
[Date "2010.12.6"]
[Round "1"]
[White "cesarbeck"]
[Black "ONIT91"]
[Result "0-1"]
[WhiteElo "1760"]
[BlackElo "1853"]

1. e4 g6 2. d4 Bg7 3. Nf3 d6 4. Nc3 Nc6 5. d5 Ne5 6. Nxe5 Bxe5 7. Bb5+ Bd7 8.
Bxd7+ Qxd7 9. O-O Bxc3 10. bxc3 Nf6 11. Bb2 O-O 12. c4 Nxe4 13. Qd4 Nf6 14. Rab1
Qg4 15. Rfe1 Qxd4 16. Bxd4 b6 17. Bxf6 exf6 18. Re7 Rac8 19. g3 Rfe8 20. Rxe8+
Rxe8 21. Rb3 Re2 22. Rb2 f5 23. Kf1 Re4 24. Rb4 a5 25. Ra4 f4 26. Kg2 fxg3 27.
hxg3 f5 28. f3 Re2+ 29. Kh3 Rxc2 30. g4 Rc3 31. Kg3 fxg4 32. Kxg4 h6 33. f4 Kf7
34. f5 Kf6 35. fxg6 Kxg6 36. Kf4 h5 37. Ke4 h4 38. Kd4 Rg3 39. c5 Rg4+ 40. Kd3
Rxa4 41. cxb6 cxb6 0-1

[Event "AUTO-ADV-1996"]
[Site "http://www.queenalice.com/game.php?id=868290"]
[Date "2010.12.6"]
[Round "1"]
[White "ONIT91"]
[Black "cesarbeck"]
[Result "0-1"]
[WhiteElo "1900"]
[BlackElo "1737"]

1. c4 e5 2. Nc3 Nc6 3. e3 Nf6 4. Nge2 Bb4 5. g3 O-O 6. Bg2 d6 7. O-O Bxc3 8.
Nxc3 Be6 9. d3 Nb4 10. Bxb7 Rb8 11. Bg2 d5 12. a3 Nc6 13. c5 d4 14. Bxc6 dxc3
15. bxc3 Qe7 16. d4 e4 17. f3 exf3 18. Bxf3 Bc4 19. Be2 Bd5 20. c4 Be4 21. Bf3
Qe6 22. Bxe4 Nxe4 23. Qf3 Rbe8 24. Ra2 Qxc4 25. Rb2 Qc3 26. Rb7 Rb8 27. Rxc7 Rb1
28. Rxf7 Nf6 29. Rxf8+ Kxf8 30. Qa8+ Ke7 31. Qxa7+ Nd7 32. Rf7+ Kxf7 33. Qxd7+
Kg6 34. Qe6+ Kh5 35. Qf5+ Kh6 36. e4+ Rxc1+ 37. Kg2 Qd2+ 0-1